000 00340nam a2200133Ia 4500
008 100328s9999 xx 000 0 und d
082 _b73571
100 _aसावंत हेमंत.
245 _aकालकूट.
260 _bआनंद.
630 _aकालकूट.
730 _aकालकूट.
942 _cBOOK
999 _c559292
_d559289